[Event "Campeonato de Aragón por Equipos 2008 "]
[Site "Aragón"]
[Date "2008.03.29"]
[Round "7.40"]
[White "Fernandez Urrutia Gallo Carlos"]
[Black "Gimeno Diaz Fernando"]
[Result "0-1"]
[WhiteElo "2023"]
[BlackElo "1909"]

1.d4 Nf6 2.c4 g6 3.Nc3 Bg7 4.e4 d6 5.f3 O-O 6.Be3 e5 7.Nge2 Nc6 8.d5 Ne7 9.Qd2
c6 10.g4 cxd5 11.cxd5 Qa5 12.Ng3 Bd7 13.a3 Rfc8 14.Be2 a6 15.h4 b5 16.h5 Qd8
17.hxg6 fxg6 18.b4 Be8 19.Bd3 a5 20.Nxb5 axb4 21.Qxb4 Rcb8 22.a4 Nfxd5 23.exd5
e4 24.Bd4 exd3 25.Bxg7 Kxg7 26.Qd4+ Kg8 27.Ne4 Qa5+ 28.Nbc3 d2+ 29.Kf1 h5 30.
Nf6+ Kf8 31.Nxe8 Kxe8 32.Qxd2 0-1

[Event "Campeonato de Aragón por Equipos 2008 "]
[Site "Aragón"]
[Date "2008.03.29"]
[Round "7.41"]
[White "Cantin Zaborras Valentin"]
[Black "Palacios Latasa Elias"]
[Result "0-1"]
[WhiteElo "2141"]
[BlackElo "2198"]

1.e4 c5 2.Nf3 Nc6 3.Bb5 g6 4.Bxc6 bxc6 5.O-O Bg7 6.Re1 e5 7.d3 Ne7 8.Nbd2 O-O
9.Nc4 d6 10.a3 a5 11.Bd2 f6 12.b4 axb4 13.axb4 Rxa1 14.Qxa1 d5 15.exd5 cxd5
16.Ne3 e4 17.Nxd5 Nxd5 0-1

[Event "Campeonato de Aragón por Equipos 2008 "]
[Site "Aragón"]
[Date "2008.03.29"]
[Round "7.42"]
[White "Sarto Ramos Angel"]
[Black "Valiente Roy Jose Javier"]
[Result "0-1"]
[WhiteElo "2058"]
[BlackElo "2109"]

1.Nf3 d5 2.d4 Nf6 3.Nbd2 c6 4.e3 g6 5.Bd3 Bf5 6.Bxf5 gxf5 7.Nh4 e6 8.g3 c5 9.
dxc5 Bxc5 10.Nb3 Be7 11.Nd4 Nc6 12.a3 Rc8 13.Bd2 Ne4 14.Nhf3 Bf6 15.h4 Qc7 16.
c3 Ne5 17.Nxe5 Bxe5 18.Qa4+ Kd8 19.Nb5 Qc6 20.Qb4 Ra8 21.Rf1 Nc5 22.Ke2 a5 23.
Nd4 axb4 24.Nxc6+ bxc6 25.axb4 Rxa1 26.Rxa1 Nb3 27.Ra8+ Ke7 28.Ra7+ Kf6 29.f4
Bb8 30.Rb7 Nxd2 31.Kxd2 Bd6 32.Rd7 Bb8 33.Kd3 Rg8 34.Rb7 Rc8 35.b3 e5 36.c4
Ke6 37.c5 exf4 38.gxf4 Bc7 39.b5 cxb5 40.b4 Kd7 41.Kd4 Kc6 42.Ra7 Re8 43.Ra6+
Kb7 44.Rf6 Re4+ 45.Kxd5 Rxe3 46.Rxf5 Rd3+ 47.Ke4 Rb3 48.Rxf7 Rxb4+ 49.Kd5 Rxf4
50.Rxh7 b4 51.h5 b3 52.Re7 b2 53.Re1 Rb4 54.Rb1 Bf4 55.c6+ Kb6 56.c7 Kxc7 57.
Kc5 Rb8 58.Kc4 Bc1 0-1

[Event "Campeonato de Aragón por Equipos 2008 "]
[Site "Aragón"]
[Date "2008.03.29"]
[Round "7.43"]
[White "Martin Barbero Roberto"]
[Black "Hernandez  Gabriel"]
[Result "1-0"]
[WhiteElo "1963"]
[BlackElo "2041"]

1.d4 Nf6 2.Nf3 e6 3.g3 b6 4.Bg2 Bb7 5.O-O c5 6.c3 Be7 7.a4 O-O 8.Bf4 d6 9.Na3
a6 10.Qc1 cxd4 11.cxd4 Nc6 12.Qd1 d5 13.Nb1 Qd7 14.Nc3 Rfd8 15.Qb3 Nb4 16.Ne5
Qe8 17.Rfc1 Rdc8 18.h3 Nd7 19.Na2 Nxa2 20.Qxa2 Nxe5 21.Bxe5 Rc6 22.Qb3 Rac8
23.Rc3 Rxc3 24.bxc3 Qc6 25.Rc1 Bd8 26.Bf3 Qc4 27.Qa3 f6 28.Bf4 Kf7 29.Qa1 Bc6
30.Qb1 f5 31.g4 g6 32.gxf5 exf5 33.Qb4 Bxa4 34.Bxd5+ Qxd5 35.Qxa4 a5 36.Be5
Rc4 37.Qc2 b5 38.f3 b4 39.e4 Qe6 40.Qd2 fxe4 41.fxe4 Bb6 42.Qf4+ Kg8 43.Rf1
Rc8 44.c4 b3 45.c5 Ba7 46.Qh6 Qe7 47.Qc1 Bxc5 48.Qc4+ 1-0

[Event "Campeonato de Aragón por Equipos 2008 "]
[Site "Aragón"]
[Date "2008.03.29"]
[Round "7.44"]
[White "Requena Munguira Jorge"]
[Black "Moreno Latorre Francisco Jose"]
[Result "0-1"]
[WhiteElo "1884"]
[BlackElo "1939"]

1.d4 Nf6 2.c4 e6 3.Nc3 Bb4 4.Nf3 c5 5.e3 Ne4 6.Qc2 Qa5 7.Bd2 Nxd2 8.Qxd2 cxd4
9.exd4 O-O 10.a3 Bxc3 11.Qxc3 Qxc3+ 12.bxc3 b6 13.Be2 Ba6 14.Nd2 Nc6 15.Nb3 d6
16.c5 Bxe2 17.Kxe2 dxc5 18.dxc5 Rfc8 19.cxb6 axb6 20.Rhc1 Ne5 21.Nd2 Ra4 22.f3
g6 23.g3 Rca8 24.f4 Nd7 25.Nb1 e5 26.Rd1 Nc5 27.fxe5 Re8 28.Kf1 Rxe5 29.Rd6
Nb3 30.Ra2 Rae4 31.Rb2 Re1+ 32.Kf2 Nc5 33.Kf3 R5e3+ 34.Kg4 Nd3 35.Rb5 Nf2+ 36.
Kh4 Rh1 37.Rdxb6 Rxh2+ 38.Kg5 Rxg3+ 39.Kf4 Rg4+ 40.Ke5 Nd3+ 41.Kd6 h5 42.Rd5
Nf4 43.Rd4 Ne6 44.Rd1 h4 45.Rb4 Rhg2 46.a4 h3 47.Rh1 Nf4 48.a5 Rg1 49.Rxg1
Rxg1 50.Rxf4 h2 0-1

[Event "Campeonato de Aragón por Equipos 2008 "]
[Site "Aragón"]
[Date "2008.03.29"]
[Round "7.45"]
[White "Romon Poves Raul"]
[Black "Martinez Catalin Francisco Javier"]
[Result "1/2-1/2"]
[WhiteElo "2207"]
[BlackElo "2247"]

1.e4 Nf6 2.e5 Nd5 3.d4 d6 4.c4 Nb6 5.exd6 exd6 6.Nc3 Be7 7.Bd3 O-O 8.Nge2 Nc6
9.O-O Re8 10.Be3 Bf8 11.b3 Nb4 12.Bb1 c6 13.Qd2 Na6 14.Bd3 Nb4 15.Bb1 Na6 16.
Bd3 1/2-1/2

[Event "Campeonato de Aragón por Equipos 2008 "]
[Site "Aragón"]
[Date "2008.03.29"]
[Round "7.46"]
[White "Pellicer Cemeli Jose Luis"]
[Black "Vera Jimenez Andres"]
[Result "1/2-1/2"]
[WhiteElo "2073"]
[BlackElo "2035"]

1.d4 Nf6 2.c4 e6 3.Nc3 b6 4.f3 d5 5.Bg5 Be7 6.e3 Bb7 7.cxd5 exd5 8.Bd3 Nh5 9.
Bxe7 Qxe7 10.Qe2 O-O 11.g4 Nf6 12.Nh3 Re8 13.Kf2 c5 14.g5 Nh5 15.Rae1 cxd4 16.
exd4 Qxe2+ 17.Bxe2 Na6 18.Bxa6 Bxa6 19.Nxd5 Rxe1 20.Rxe1 Bc4 21.Nc7 Rc8 22.b3
Bd3 23.Re8+ Rxe8 24.Nxe8 Kf8 25.Nd6 Ke7 26.Ne4 f5 27.gxf6+ gxf6 28.Ke3 Bb1 29.
a3 Ng7 30.Ng3 Ba2 31.b4 Ne6 32.Nf5+ Kd7 33.Nf4 Nc7 34.a4 a5 35.bxa5 bxa5 36.
Kd2 Bb3 37.Nd3 Ne6 38.Kc3 Bd5 39.f4 Be4 40.Ng3 Bxd3 41.Kxd3 Nxf4+ 42.Kc4 Kc6
43.Nf5 1/2-1/2

[Event "Campeonato de Aragón por Equipos 2008 "]
[Site "Aragón"]
[Date "2008.03.29"]
[Round "7.47"]
[White "Sierra Aguerri Joaquin"]
[Black "Felez Casedas Carlos"]
[Result "0-1"]
[WhiteElo "2010"]
[BlackElo "1983"]

1.e4 e5 2.Bc4 Nf6 3.Nf3 Nxe4 4.Nxe5 d5 5.Bb3 c6 6.O-O Bd6 7.d4 O-O 8.f3 Bxe5
9.fxe4 Bc7 10.exd5 Qh4 11.h3 Bxh3 12.d6 Bxd6 13.Rxf7 Rxf7 14.Bxf7+ Kxf7 15.
Qf1+ Kg8 16.gxh3 Qxd4+ 17.Kh1 Nd7 18.Nd2 Ne5 19.c3 Qh4 20.Kg2 Rf8 21.Qe2 Qg5+
22.Kh1 Qf4 23.Kg2 Ng6 24.Nf3 Qxf3+ 0-1

[Event "Campeonato de Aragón por Equipos 2008 "]
[Site "Aragón"]
[Date "2008.03.29"]
[Round "7.48"]
[White "Puertolas Serena Arturo"]
[Black "Ruiz Gutierrez Manuel"]
[Result "1-0"]
[WhiteElo "1916"]
[BlackElo "1899"]

1.e4 c5 2.Nf3 e6 3.d4 cxd4 4.Nxd4 Nc6 5.Nc3 a6 6.Be2 Qc7 7.Be3 Nf6 8.O-O Be7
9.Qd2 O-O 10.f4 d6 11.Bf3 Bd7 12.Qf2 Rab8 13.Rad1 Rfc8 14.Qg3 b5 15.Nxc6 Bxc6
16.e5 dxe5 17.fxe5 Ne8 18.Bxc6 Qxc6 19.Qf4 f6 20.Rd2 f5 21.Rfd1 Rd8 22.Ne2
Rxd2 23.Rxd2 Rd8 24.Nd4 Qc8 25.Qf3 Bc5 26.Qf2 Bxd4 27.Bxd4 Nc7 28.c3 Nd5 29.
Qf3 Qb7 30.Bf2 Rc8 31.a3 Qc7 32.Bd4 Qc4 33.g3 Qc7 34.Rf2 Qf7 35.h4 Kh8 36.Rh2
Qg6 37.Rg2 h5 38.Kh2 Rf8 39.Be3 Kg8 40.Bg5 Rc8 41.Rd2 Qe8 42.Rd4 g6 43.Qe2 Qc6
44.Qd2 Kf7 45.Bf6 Nxf6 46.exf6 Kxf6 47.Rd7 Qf3 48.Qd4+ 1-0

[Event "Campeonato de Aragón por Equipos 2008 "]
[Site "Aragón"]
[Date "2008.03.29"]
[Round "7.49"]
[White "Campos Hernandez Antonio"]
[Black "Gavin Roche Enrique"]
[Result "1/2-1/2"]
[WhiteElo "2228"]
[BlackElo "2278"]

1.e4 d6 2.d4 Nf6 3.Nc3 e5 4.dxe5 dxe5 5.Qxd8+ Kxd8 6.Bc4 Be6 7.Bxe6 fxe6 8.Nf3
Bd6 9.Be3 a6 10.O-O-O Ke7 11.Ne1 Nc6 12.f3 h6 13.Nd3 b6 14.Kb1 Nh5 15.Ne2 g5
16.g4 Nf4 17.Nexf4 exf4 18.Bf2 h5 19.Rdg1 Ne5 1/2-1/2

[Event "Campeonato de Aragón por Equipos 2008 "]
[Site "Aragón"]
[Date "2008.03.29"]
[Round "7.50"]
[White "Ferrer  Francisco Javier"]
[Black "Juberias Santiago"]
[Result "0-1"]
[WhiteElo "1997"]
[BlackElo "2145"]

1.f4 Nf6 2.Nf3 g6 3.e3 Bg7 4.d4 d6 5.b3 O-O 6.Bb2 c5 7.Bd3 Nc6 8.c3 e5 9.fxe5
dxe5 10.dxe5 Ng4 11.Qe2 Ngxe5 12.Nxe5 Nxe5 13.Bc2 Bg4 14.Qd2 Qh4+ 15.Qf2 Qh5
16.Nd2 Rad8 17.Ne4 Nd3+ 18.Bxd3 Rxd3 19.O-O Qe5 20.Qf4 Qxf4 21.Rxf4 Bf5 22.
Nxc5 Rd2 23.Rf2 Rxb2 24.Rxb2 Bxc3 25.Na4 Bxb2 26.Rb1 Bg7 27.Re1 b5 28.Re2 bxa4
29.bxa4 a5 0-1

[Event "Campeonato de Aragón por Equipos 2008 "]
[Site "Aragón"]
[Date "2008.03.29"]
[Round "7.51"]
[White "Garcia Andres Daniel"]
[Black "Navarro Sancho Rafael"]
[Result "1-0"]
[WhiteElo "2017"]
[BlackElo "1963"]

1.e4 c5 2.f4 Nc6 3.Nf3 g6 4.Nc3 Bg7 5.Bc4 e6 6.O-O Nge7 7.e5 O-O 8.Ne4 Nf5 9.
g4 Nfd4 10.c3 Nxf3+ 11.Qxf3 a6 12.Nxc5 f5 13.gxf5 Rxf5 14.d4 Qh4 15.Qg3 Qxg3+
16.hxg3 b6 17.Ne4 Bf8 18.Nf6+ Kg7 19.g4 Rxf6 20.exf6+ Kxf6 21.d5 Na5 22.Be2
exd5 23.Bf3 Bb7 24.Be3 Bc5 25.Bxc5 bxc5 26.Rad1 Nc4 27.Rxd5 Ne3 28.g5+ Ke6 29.
Re5+ 1-0

[Event "Campeonato de Aragón por Equipos 2008 "]
[Site "Aragón"]
[Date "2008.03.29"]
[Round "7.52"]
[White "Velamazan Gomez Angel"]
[Black "Lafarga Bueno Daniel"]
[Result "1-0"]
[WhiteElo "1960"]
[BlackElo "1816"]

1.d4 Nf6 2.Nf3 d5 3.c4 e6 4.Nc3 Be7 5.Bf4 O-O 6.h3 Nbd7 7.e3 b6 8.cxd5 exd5 9.
Bd3 Bb7 10.O-O Ne4 11.Rc1 c5 12.Bb1 Ndf6 13.a3 Rc8 14.Qb3 cxd4 15.exd4 Nxc3
16.Rxc3 Rxc3 17.Qxc3 Ne4 18.Qd3 Bd6 19.Be5 f6 20.Bxd6 Qxd6 21.Nh2 f5 22.Nf3
Qf4 23.Bc2 a6 24.Qb3 Rf6 25.Qe3 Qxe3 26.fxe3 Ng3 27.Rf2 Rc6 1-0

[Event "Campeonato de Aragón por Equipos 2008 "]
[Site "Aragón"]
[Date "2008.03.29"]
[Round "7.53"]
[White "Carraminana Lopez Luis Antonio"]
[Black "Navarro Alonso Jorge Luis"]
[Result "0-1"]
[WhiteElo "1958"]
[BlackElo "2136"]

1.e4 c5 2.Nf3 e6 3.d4 cxd4 4.Nxd4 Nc6 5.Nc3 Qc7 6.Be2 a6 7.Be3 Nf6 8.O-O b5 9.
a3 Bb7 10.Nb3 d6 11.f4 Be7 12.Bf3 O-O 13.g4 Nd7 14.g5 Nb6 15.Bf2 Nc4 16.Rb1
Rac8 17.h4 Rfd8 18.h5 b4 19.axb4 Nxb4 20.Ne2 a5 21.c3 Na6 22.g6 Bf6 23.Nbd4
Nc5 24.Ng3 a4 25.Qe2 Ba6 26.Qc2 e5 27.Ndf5 hxg6 28.hxg6 fxg6 0-1

[Event "Campeonato de Aragón por Equipos 2008 "]
[Site "Aragón"]
[Date "2008.03.29"]
[Round "7.54"]
[White "Jaques Burguete Raul"]
[Black "Minguez A"]
[Result "1-0"]
[WhiteElo "2127"]
[BlackElo "1952"]

1.e4 c5 2.Nf3 d6 3.d4 cxd4 4.Qxd4 Nc6 5.Bb5 Bd7 6.Bxc6 Bxc6 7.Nc3 Nf6 8.Bg5
Qa5 9.b4 Qc7 10.O-O h6 11.Bxf6 gxf6 12.b5 Bd7 13.Nd5 Qd8 14.Rab1 b6 15.Rfd1
Bg7 16.c4 Rg8 17.Qe3 Qc8 18.Rb4 e6 19.Nf4 Qc5 20.Qd2 Bf8 21.Ra4 h5 22.Nd3 Qc7
23.Qb2 Be7 24.Nf4 Qb7 25.Qe2 Rg4 26.g3 e5 27.Nd5 f5 28.exf5 Bxf5 29.Nxe5 Re4
30.Qf3 Qc8 31.Nc6 Qe6 32.Nc7+ 1-0

[Event "Campeonato de Aragón por Equipos 2008 "]
[Site "Aragón"]
[Date "2008.03.29"]
[Round "7.55"]
[White "Vasilev Vas"]
[Black "Garcia Fernandez Javier"]
[Result "0-1"]
[WhiteElo "1925"]
[BlackElo "2110"]

1.d4 Nf6 2.Nf3 c5 3.d5 b5 4.c4 b4 5.Nbd2 g6 6.e4 d6 7.Bd3 Bg7 8.O-O O-O 9.Re1
Nbd7 10.h3 Nh5 11.Nf1 e5 12.Ne3 Nf4 13.Bf1 f5 14.g3 fxe4 15.Nd2 Nd3 16.Bxd3
exd3 17.h4 Nf6 18.Nf3 Ng4 19.Rf1 h6 20.Nh2 Nxh2 21.Kxh2 e4 22.f4 Bd7 23.Rb1 a5
24.a4 b3 25.Qxb3 Rb8 26.Qd1 Qe8 27.Bd2 Rxb2 28.Rxb2 Bxb2 29.Bxa5 Bxa4 30.Qg4
h5 31.Qe6+ Qxe6 32.dxe6 Re8 33.f5 gxf5 34.Rxf5 Rxe6 35.Rxh5 Bc1 36.Rg5+ Kf7
37.Rf5+ Rf6 38.Rxf6+ Kxf6 39.Ng4+ Kg6 40.Nf2 Kf5 41.Bc7 Be3 42.g4+ Ke5 43.Nd1
Bxd1 0-1

[Event "Campeonato de Aragón por Equipos 2008 "]
[Site "Aragón"]
[Date "2008.03.29"]
[Round "7.56"]
[White "Solanas Godes Beatriz"]
[Black "Buil  Montanes Carlos"]
[Result "1/2-1/2"]
[WhiteElo "1792"]
[BlackElo "1838"]

1.e4 e6 2.d4 d5 3.exd5 exd5 4.Bd3 Bd6 5.Nf3 Ne7 6.O-O O-O 7.Nc3 c6 8.h3 Bf5 9.
Ne2 Qc7 10.c3 Nd7 11.Qc2 Bxd3 12.Qxd3 Nf6 13.Be3 Ne4 14.Ng5 Nxg5 15.Bxg5 Ng6
16.Qf3 f6 17.Bd2 Rae8 18.Rfe1 Re4 19.Ng3 Bxg3 20.fxg3 Rfe8 21.Rxe4 Rxe4 22.Re1
Rxe1+ 23.Bxe1 Qe7 24.Kf2 Qe6 25.Bd2 f5 26.Bg5 Qe4 27.Qxe4 fxe4 28.Ke3 Kf7 29.
c4 Ne7 30.g4 Ke6 31.Bf4 Nc8 32.b3 Nd6 33.c5 Ne8 34.Bb8 a6 35.Be5 g6 36.Bg3 Nf6
37.Kf4 h5 38.g5 Ng8 39.Be1 Ne7 40.g4 hxg4 41.hxg4 Nc8 42.Ba5 Na7 43.a4 Nc8 44.
Bc7 Kd7 45.Ba5 1/2-1/2

[Event "Campeonato de Aragón por Equipos 2008 "]
[Site "Aragón"]
[Date "2008.03.29"]
[Round "7.57"]
[White "Aparicio Navarro Pedro Jose"]
[Black "Lasanta Rica Cesar"]
[Result "1/2-1/2"]
[WhiteElo "2196"]
[BlackElo "2284"]

1.c4 Nf6 2.Nc3 c5 3.Nf3 d5 4.cxd5 Nxd5 5.g3 Nc6 6.Bg2 Nc7 7.O-O e5 8.d3 Be7 9.
Be3 Bd7 10.Nd2 O-O 11.f4 exf4 12.gxf4 f5 13.Nf3 Ne6 14.Rc1 b6 15.Qe1 Rc8 16.
Qg3 Bd6 17.Ng5 Nxg5 18.Qxg5 Be6 1/2-1/2

[Event "Campeonato de Aragón por Equipos 2008 "]
[Site "Aragón"]
[Date "2008.03.29"]
[Round "7.58"]
[White "Glaria Murillo Christian"]
[Black "Munoz Munoz Juan Carlos"]
[Result "0-1"]
[WhiteElo "2195"]
[BlackElo "2137"]

1.c4 g6 2.g3 Bg7 3.Bg2 d6 4.Nc3 Nf6 5.d3 O-O 6.Bg5 h6 7.Bd2 e5 8.e4 Nc6 9.Nge2
Nd4 10.Nxd4 exd4 11.Ne2 Nd7 12.b4 a5 13.a3 Ne5 14.Bf4 axb4 15.Bxe5 dxe5 16.
axb4 Rxa1 17.Qxa1 f5 18.f3 fxe4 19.fxe4 Bg4 20.Rf1 Rxf1+ 21.Bxf1 Bf8 22.Qb2
Be7 23.Nc1 Qf8 24.Na2 h5 25.b5 Qh6 26.Qd2 Bg5 27.Qf2 Be3 28.Qf6 Bg5 29.Qf2 h4
30.Nb4 Be3 31.Qg2 Bf2+ 0-1

[Event "Campeonato de Aragón por Equipos 2008 "]
[Site "Aragón"]
[Date "2008.03.29"]
[Round "7.59"]
[White "Sanchez Moreno Jose Carlos"]
[Black "Garcia Ramon Ricardo1"]
[Result "0-1"]
[WhiteElo "2019"]
[BlackElo "2118"]

1.Nf3 g6 2.d4 Bg7 3.e4 e6 4.Bd3 Ne7 5.Bf4 b6 6.Qd2 Bb7 7.Bh6 O-O 8.h4 Kh8 9.h5
Ng8 10.Bxg7+ Kxg7 11.hxg6 fxg6 12.Nc3 Nc6 13.O-O-O Nb4 14.Bc4 Qf6 15.Ne2 a5
16.a3 Ba6 17.Bxa6 Nxa6 18.Rh3 h5 19.Rdh1 Nh6 20.Kb1 Rh8 21.Rg3 Ng4 22.e5 Qe7
23.Nf4 Raf8 24.Nxg6 Kxg6 25.Nh4+ Kf7 26.f3 Rfg8 27.fxg4 hxg4 28.Qf4+ Ke8 29.
Rxg4 Rxg4 30.Qxg4 Qf7 31.Qe4 c6 32.Qd3 Nc7 33.Rf1 Qg7 34.g3 b5 35.b3 a4 36.
bxa4 bxa4 37.Rf3 Rg8 38.c4 c5 39.dxc5 Qxe5 40.Ng6 Qxc5 41.Ne5 Qxe5 42.Re3 Qf6
43.Rf3 Qg6 0-1

[Event "Campeonato de Aragón por Equipos 2008 "]
[Site "Aragón"]
[Date "2008.03.29"]
[Round "7.60"]
[White "Jimenez Fernandez Alejandro"]
[Black "Martinez Crespo Juan"]
[Result "1-0"]
[WhiteElo "1898"]
[BlackElo "1896"]

1.d4 Nf6 2.c4 e6 3.Nf3 d5 4.Nc3 c6 5.Bg5 Nbd7 6.e3 Be7 7.cxd5 exd5 8.Qc2 h6 9.
Bf4 Nh5 10.Be5 Nxe5 11.Nxe5 Bf6 12.Ng6 Rg8 13.Be2 Be6 14.Bxh5 fxg6 15.Qxg6+
Ke7 16.O-O Qd7 17.Ne2 Raf8 18.Ng3 Kd8 19.Qc2 Be7 20.Bg6 Bf7 21.Rab1 Bxg6 22.
Qxg6 Rf6 23.Qd3 h5 24.Qh7 Qe6 25.Qxh5 g5 26.h3 Bd6 27.Qg4 Bxg3 28.Qxg3 g4 29.
Qb8+ Kd7 30.Qxb7+ Kd6 31.Rbc1 Rc8 32.h4 g3 33.fxg3 Qxe3+ 34.Kh2 Rxf1 35.Rxf1
Rc7 36.Rf6+ Ke7 37.Qxc7+ Kxf6 38.Qf4+ 1-0

[Event "Campeonato de Aragón por Equipos 2008 "]
[Site "Aragón"]
[Date "2008.04.05"]
[Round "8.1"]
[White "Fontana Sotomayour Luis Javier"]
[Black "Sig Vargas Marcos"]
[Result "1-0"]
[WhiteElo "2332"]
[BlackElo "2101"]

1.e4 c5 2.Nc3 a6 3.g3 b5 4.Bg2 Bb7 5.d3 e6 6.f4 g6 7.Nf3 d6 8.O-O Ne7 9.f5
gxf5 10.Ng5 Bg7 11.Qh5 Kd7 12.Qxf7 Qg8 13.Qxe6+ Qxe6 14.Nxe6 Bxc3 15.bxc3 fxe4
16.Ng5 Nbc6 17.Nxe4 Nd8 18.Rf6 Bxe4 19.Bxe4 Rb8 20.Rxd6+ Kxd6 21.Bf4+ Kd7 22.
Bxb8 Nf7 23.Bf4 h5 24.Rf1 Nd6 25.Bxd6 Kxd6 26.Rf6+ Ke5 27.Rxa6 Nd5 28.Bxd5
Kxd5 29.Rb6 Ra8 30.Rxb5 Kc6 31.Rb2 Ra3 32.c4 Ra7 33.Kg2 Re7 34.c3 Ra7 35.d4
Ra4 36.Rb5 Rxa2+ 37.Kh3 1-0

[Event "Campeonato de Aragón por Equipos 2008 "]
[Site "Aragón"]
[Date "2008.04.05"]
[Round "8.2"]
[White "Escuer Sanchez Nestor"]
[Black "Antoli Royo Joaquin Miguel"]
[Result "0-1"]
[WhiteElo "2084"]
[BlackElo "2308"]

1.c4 d6 2.g3 e5 3.Bg2 f5 4.d4 Be7 5.h4 c6 6.Nf3 e4 7.Ng5 d5 8.cxd5 cxd5 9.Qb3
Nc6 10.e3 Nf6 11.Nc3 a6 12.Nh3 Na5 13.Qd1 Be6 14.O-O Bf7 15.b3 h6 16.Bd2 Nc6
17.a3 Ng4 18.b4 g5 19.f3 Nf6 20.hxg5 hxg5 21.Nxg5 Bg8 22.fxe4 fxe4 23.Nh3 Nh5
24.Be1 Qd6 25.Nf4 Nxf4 26.gxf4 Qh6 27.Bg3 Be6 28.Kf2 Rg8 29.Rh1 Qg7 30.Qh5+
Bf7 31.Qh3 Nxd4 32.Rad1 Nf5 33.Nxd5 Bxd5 34.Rxd5 Nxg3 35.Qd7+ Kf8 36.Rhd1 Nh1+
37.Ke1 Bh4+ 38.Kd2 Qxd7 0-1

[Event "Campeonato de Aragón por Equipos 2008 "]
[Site "Aragón"]
[Date "2008.04.05"]
[Round "8.3"]
[White "Cortes Lizano Jesus"]
[Black "Andreu Sin Raul"]
[Result "1-0"]
[WhiteElo "2247"]
[BlackElo "2045"]

1.c4 e5 2.Nc3 Nc6 3.Nf3 g6 4.g3 Bg7 5.Bg2 Nge7 6.O-O d6 7.Rb1 a5 8.a3 O-O 9.b4
axb4 10.axb4 Rb8 11.d3 Be6 12.b5 Nd4 13.Nxd4 exd4 14.Ne4 h6 15.b6 c5 16.Bf4
Nc8 17.Nxc5 g5 18.Nxe6 fxe6 19.Bd2 Ne7 20.e3 Rf7 21.Qg4 dxe3 22.fxe3 Rxf1+ 23.
Rxf1 Nf5 24.Qe4 Qd7 25.d4 Ne7 26.Bh3 Kh8 27.Bxe6 Qd8 28.Rf7 Qe8 29.d5 Qa4 30.
Qb1 Ng8 31.Bc3 1-0

[Event "Campeonato de Aragón por Equipos 2008 "]
[Site "Aragón"]
[Date "2008.04.05"]
[Round "8.4"]
[White "Sig Vargas Pablo"]
[Black "Maza Broto Pablo"]
[Result "1/2-1/2"]
[WhiteElo "1896"]
[BlackElo "1923"]

1.b4 Nf6 2.Bb2 e6 3.a3 c5 4.b5 b6 5.d3 d5 6.Nd2 Bb7 7.Ngf3 Nbd7 8.g3 Qc7 9.Bg2
c4 10.Nb1 Bd6 11.d4 Ne4 12.Nc3 Ndf6 13.Nd2 Nxc3 14.Bxc3 e5 15.dxe5 Bxe5 16.
Bxe5 Qxe5 17.O-O O-O 18.Nxc4 dxc4 19.Bxb7 Rad8 20.Qe1 Qxb5 21.Qc3 Rfe8 22.e3
Nd5 23.Bxd5 Rxd5 24.Rfd1 Red8 25.Rxd5 Qxd5 26.a4 h5 27.h4 Rd6 28.Rb1 Qe4 29.
Ra1 a6 30.Qb4 Rg6 31.Qd2 Qxh4 32.Rd1 Qg4 33.Qd4 Qxd4 34.Rxd4 Rc6 35.c3 g6 36.
Kg2 Kf8 37.Kf3 Ke7 38.Ke4 Ke6 39.Rd8 f5+ 40.Kf4 Rd6 41.Rb8 Kd5 42.f3 Kc5 43.e4
fxe4 44.fxe4 b5 45.axb5 axb5 46.e5 Rd1 47.Rc8+ Kb6 48.Rb8+ Kc6 49.Rc8+ Kd7 50.
Rb8 Rd3 51.Rxb5 Rxc3 52.Rc5 g5+ 53.Kxg5 Rxg3+ 54.Kxh5 c3 55.Kh4 Rd3 56.Kg4
1/2-1/2

[Event "Campeonato de Aragón por Equipos 2008 "]
[Site "Aragón"]
[Date "2008.04.05"]
[Round "8.5"]
[White "Adla Diego Gustavo"]
[Black "Baron Rodriguez Jesus"]
[Result "1/2-1/2"]
[WhiteElo "2491"]
[BlackElo "2421"]

1.c4 e6 2.g3 d5 3.d4 Nf6 4.Bg2 dxc4 5.Qa4+ Bd7 6.Qxc4 Bc6 7.Nf3 Bd5 8.Qd3 c5
9.Nc3 Bc6 10.O-O Be7 11.Rd1 cxd4 12.Nxd4 Bxg2 13.Kxg2 O-O 14.Qf3 Qb6 15.Ndb5
a6 16.Be3 1/2-1/2

[Event "Campeonato de Aragón por Equipos 2008 "]
[Site "Aragón"]
[Date "2008.04.05"]
[Round "8.6"]
[White "Hefty Hilardo Jorge Walter"]
[Black "Glavina Rossi Pablo"]
[Result "0-1"]
[WhiteElo "2340"]
[BlackElo "2459"]

1.d4 Nf6 2.c4 e6 3.Nc3 Bb4 4.e3 b6 5.Ne2 Ba6 6.a3 Bxc3+ 7.Nxc3 d5 8.b3 O-O 9.
Be2 Nc6 10.a4 Re8 11.Bb2 dxc4 12.bxc4 Na5 13.Nb5 c6 14.Na3 Qe7 15.O-O Red8 16.
Qc2 Rac8 17.e4 c5 18.d5 exd5 19.exd5 Nxd5 20.Bg4 Nf4 21.Bxc8 Bxc8 22.Rad1 Re8
23.f3 h5 24.Kh1 h4 25.Qd2 Ne2 26.Qd5 h3 27.gxh3 Qh4 28.Bxg7 Ng3+ 29.Kg1 Nxf1
30.Rxf1 Kxg7 31.Kh1 Re1 0-1

[Event "Campeonato de Aragón por Equipos 2008 "]
[Site "Aragón"]
[Date "2008.04.05"]
[Round "8.7"]
[White "Gomez Anadon Daniel"]
[Black "Forcen Esteban Daniel"]
[Result "1-0"]
[WhiteElo "2315"]
[BlackElo "2138"]

1.d4 Nf6 2.Nf3 g6 3.g3 Bg7 4.Bg2 O-O 5.O-O d6 6.a4 a6 7.Re1 Nc6 8.e4 Bg4 9.h3
Bxf3 10.Bxf3 e5 11.c3 Nd7 12.Be3 exd4 13.cxd4 Qf6 14.d5 Na5 15.Nc3 b6 16.Be2
Qe7 17.Qc2 Nb7 18.a5 bxa5 19.Na4 Nf6 20.Bd3 Rfe8 21.Qc6 Reb8 22.Rac1 Ne8 23.
Qc4 Nd8 24.Bd2 Nb7 25.Re2 Ra7 26.f4 f6 27.Be3 Raa8 28.Bd4 Nd8 29.Bc3 Nb7 30.e5
fxe5 31.fxe5 Qg5 32.Qf4 Qh5 33.e6 Nd8 34.Bxg7 Nxg7 35.Rf2 h6 36.Rxc7 Ndxe6 37.
dxe6 Rf8 38.Qg4 Qe5 39.Rcf7 Rxf7 40.exf7+ Kf8 41.Qxg6 Rc8 42.Nc3 d5 43.Kg2 Rc7
44.Re2 1-0

[Event "Campeonato de Aragón por Equipos 2008 "]
[Site "Aragón"]
[Date "2008.04.05"]
[Round "8.8"]
[White "Antolin Concha Diego"]
[Black "Moreno Gracia Daniel"]
[Result "1/2-1/2"]
[WhiteElo "2055"]
[BlackElo "2188"]

1.d4 Nf6 2.c4 e6 3.Nf3 Bb4+ 4.Bd2 Qe7 5.g3 Nc6 6.Bg2 Bxd2+ 7.Nbxd2 d6 8.O-O e5
9.d5 Nb8 10.e4 Bg4 11.b4 O-O 12.Qc2 a5 13.a3 Na6 14.Rab1 Rfc8 15.Rfc1 axb4 16.
axb4 Bxf3 17.Nxf3 c6 18.dxc6 bxc6 19.Ne1 Nc7 20.Qd3 Rd8 21.b5 Ne6 22.bxc6 Qc7
23.Nc2 Qxc6 24.Nb4 Qa4 25.Nd5 Nxd5 26.Qxd5 Ra5 27.Rb5 Ra7 28.Rb6 Ra5 29.Rb5
Raa8 30.Rb6 Ra5 31.Rb5 1/2-1/2

[Event "Campeonato de Aragón por Equipos 2008 "]
[Site "Aragón"]
[Date "2008.04.05"]
[Round "8.9"]
[White "Colas Longares Rafael P"]
[Black "Del Rey Diego"]
[Result "0-1"]
[WhiteElo "2328"]
[BlackElo "2382"]

1.e4 c5 2.Nf3 e6 3.d3 Nc6 4.g3 g6 5.Bg2 Bg7 6.O-O Nge7 7.Re1 d6 8.c3 e5 9.a3
O-O 10.b4 h6 11.Nbd2 Be6 12.Nb3 cxb4 13.axb4 a6 14.Bb2 Qb6 15.Na5 Nxa5 16.Rxa5
f5 17.d4 fxe4 18.Rxe4 Nc6 19.Ra1 d5 20.Re3 e4 21.Nd2 a5 22.b5 Ne7 23.f3 Nf5
24.Re1 e3 25.Nf1 Qxb5 26.Qe2 Qb6 27.Nxe3 Nxe3 28.Qxe3 Rfe8 29.Qd2 Bf7 30.Reb1
Qe6 31.Bf1 Qf6 32.Ba3 b6 33.Kf2 Rac8 34.Re1 Rxe1 35.Rxe1 Qc6 36.Rc1 Re8 37.Qb2
Qe6 38.Qd2 Qc6 39.Qb2 Qe6 40.Qd2 Rc8 41.Ba6 Rc7 42.Qf4 Rc6 43.Bb7 Rc4 44.Re1
Bxd4+ 45.cxd4 Rc2+ 0-1

[Event "Campeonato de Aragón por Equipos 2008 "]
[Site "Aragón"]
[Date "2008.04.05"]
[Round "8.10"]
[White "Chueca Forcen Alberto"]
[Black "Trigo Conde Isaac"]
[Result "1-0"]
[WhiteElo "2283"]
[BlackElo "2238"]

1.d4 Nf6 2.c4 g6 3.Nc3 Bg7 4.e4 d6 5.Be2 O-O 6.f4 c5 7.Nf3 Bg4 8.e5 Nfd7 9.
exd6 exd6 10.d5 Re8 11.O-O f5 12.h3 Bxf3 13.Bxf3 Bxc3 14.bxc3 Nf6 15.Re1 Nbd7
16.Bd2 Ne4 17.Bxe4 Rxe4 18.Rxe4 fxe4 19.Qg4 Qe7 20.f5 e3 21.Re1 Nf6 22.Qf3
gxf5 23.Rxe3 Ne4 24.Qxf5 Re8 25.Be1 Qf7 26.Qg4+ Qg6 27.Qf4 Re5 28.Rf3 Re8 29.
Bh4 Kg7 30.Be7 Kh8 31.Kh2 h5 32.Re3 Rxe7 33.Qf8+ Qg8 34.Qxe7 Nd2 35.Qf6+ Qg7
36.Re8+ 1-0

[Event "Campeonato de Aragón por Equipos 2008 "]
[Site "Aragón"]
[Date "2008.04.05"]
[Round "8.11"]
[White "Garcia Vicente Nieves"]
[Black "Anglada Lobarte Jose Andres"]
[Result "1-0"]
[WhiteElo "2219"]
[BlackElo "2231"]

1.d4 d5 2.c4 e6 3.Nc3 c6 4.e4 dxe4 5.Nxe4 Nf6 6.Nxf6+ Qxf6 7.Nf3 Bb4+ 8.Bd2
Bxd2+ 9.Qxd2 O-O 10.Bd3 h6 11.O-O-O Nd7 12.Qe3 a5 13.h4 Re8 14.Ne5 Qe7 15.g4
c5 16.g5 cxd4 17.Qxd4 Qc5 18.Qxc5 Nxc5 19.gxh6 Nxd3+ 20.Rxd3 f6 21.Nd7 Kf7 22.
hxg7 Kxg7 23.b3 Ra6 24.Rg1+ Kf7 25.Rdg3 Re7 26.Rg7+ Ke8 27.Nxf6+ Kf8 28.Rg8+
Kf7 29.Nh7 1-0